| 000 | 00441nam a2200145 i 4500 | ||
|---|---|---|---|
| 001 | 146081 | ||
| 003 | ES-MaACL | ||
| 005 | 20230906201417.0 | ||
| 007 | t| | ||
| 008 | 070731s1916 sp ||||1| spa d | ||
| 100 | 1 |
_aTorrens y Cuevas, Francisco. _9110828 |
|
| 245 | 1 | 3 |
_aLa libertad y el libertinaje / _cFrancisco Torrens y Cuevas. |
| 260 |
_aLa Laguna de Tenerife : _b[s.n.], _c1916 ( _fIm. de suc. Curbelo) |
||
| 852 |
_aES-MaACL _j1547-F-12 |
||
| 999 |
_c146081 _d146081 |
||